| 000 | 00952nam a22002895a 4500 | ||
|---|---|---|---|
| 008 | 090106t1998 mauab||frb||| 001 0 eng d | ||
| 010 | _a 97011584 | ||
| 020 | _a007115325X (acid-free paper) | ||
| 020 | _a9780071153256 | ||
| 040 |
_aEG-ScBUE _beng _cEG-ScBUE |
||
| 082 | 0 | 4 |
_a658.049 _bHIL _222 |
| 100 | 1 | _aHill, Charles W. L. | |
| 245 | 1 | 0 |
_aGlobal business today / _cCharles W.L. Hill. |
| 250 | _aInternational ed. | ||
| 260 |
_aBoston : _bIrwin/McGraw-Hill, _cc.1998. |
||
| 300 |
_axxi, 506 p. : _bcol. ill., col. maps ; _c26 cm. |
||
| 500 | _aIndex : p. 497-506. | ||
| 504 | _aIncludes bibliographical references. | ||
| 590 | _aMenna ELemam | ||
| 650 | 0 |
_aInternational business enterprises-- _xManagement. _2BUEsh |
|
| 650 | 0 |
_aInternational trade. _2BUEsh |
|
| 650 | 0 |
_aInvestments, Foreign. _2BUEsh |
|
| 650 | 0 |
_aCapital market. _2BUEsh |
|
| 651 | _2BUEsh | ||
| 653 |
_bBUSADM _cAugust2015 |
||
| 942 |
_cBB _k658.049 HIL _2ddc |
||
| 999 |
_c4522 _d4522 |
||